Riešenie optimalizačných úloh v prostredí MatLab diplomová práca

Salvato in:
Dettagli Bibliografici
Autore principale: Kamodyová, Jana
Ente Autore: Fakulta hospodárskej informatiky EU. Katedra operačného výskumu a ekonometrie
Altri autori: Čičková, Zuzana, 1978-
Natura: Libro
Lingua:slovacco
Pubblicazione: Bratislava 2017
Tags: Aggiungi Tag
Nessun Tag, puoi essere il primo ad aggiungerne!!

MARC

LEADER 00000nbm a2200000 4500
001 0233032
005 20180215145326.6
041 0 |a slo 
044 |a SK 
245 1 0 |a Riešenie optimalizačných úloh v prostredí MatLab  |b diplomová práca  |c Jana Kamodyová ; školiteľ: Zuzana Čičková 
264 1 |a Bratislava  |c 2017 
300 |a 105 s. 
100 1 |a Kamodyová, Jana 
700 1 |a Čičková, Zuzana, 1978- 
710 2 |a Fakulta hospodárskej informatiky EU. Katedra operačného výskumu a ekonometrie